ICE-Haltestellen zwischen Hamburg-Altona und Interlaken Ost - Statistiken

Allgemein
  • Dieses Quiz wurde 417 mal gespielt
  • Das Durchschnittsergebnis liegt bei 17 aus 23
Antwortstatistiken
Antwort % Korrekt
Hamburg-Altona
96%
Hannover
95%
Frankfurt (Main)
94%
Hamburg Hauptbahnhof
94%
Kassel-Wilhelmshöhe
91%
Freiburg (Breisgau)
88%
Mannheim
88%
Göttingen
86%
Interlaken Ost
85%
Karlsruhe
85%
Fulda
84%
Hamburg-Harburg
83%
Hamburg Dammtor
82%
Bern
69%
Offenburg
68%
Basel SBB
67%
Hanau
66%
Basel Bad
59%
Interlaken West
59%
Thun
35%
Olten
31%
Spiez
29%
Liestal
20%
Keine übereinstimmenden Quizze gefunden
Verteilung der Resultate
Anzahl Personen mit jedem Resultat
Perzentil nach korrekt beantworteten Fragen
Ihre Resultats-Entwicklung
Sie haben dieses Quiz noch nicht gespielt